| 000 | 00515na a2200205 4500 | ||
|---|---|---|---|
| 001 | 18894 | ||
| 003 | MIRAKIL | ||
| 005 | 20181213155049.0 | ||
| 008 | 161204b tu 000 0 | ||
| 040 |
_aMilas _btur _cTR-AnCHP |
||
| 041 | _atur | ||
| 082 |
_a811.42 _bO62d 1992 |
||
| 090 | _a811.42 O62d 1992 | ||
| 100 | _aOral, Muzaffer | ||
| 245 |
_aDökülen satırlar _cMuzaffer Oral |
||
| 260 |
_a[y.y.] _b[yayl. y.] _c1992 |
||
| 300 |
_a55 s _c20 sm. |
||
| 650 |
_aTürk edebiyatı _xŞiir |
||
| 942 |
_2ddc _cBKS |
||
| 999 |
_c5850 _d5850 |
||